000
00247nam a2200097Ia 4500
001
811514
005
20250826171542.0
008
250824s9999 xx 000 0 und d
245
0
_a
SÜTKUŞUN ÇOCUKLARI
_c
HÜLYA KİBAROĞLU
260
_b
ELMA YAYINLARI
999
_c
811514
_d
811514